[Event "TUN-ch"]
[Site "Hammam Sousse"]
[Date "2020.01.20"]
[Round "4"]
[White "Jabloun, Bilel"]
[Black "Jmila, Omar"]
[Result "1-0"]
[WhiteElo "2013"]
[BlackElo "2158"]
[PlyCount "121"]
[EventDate "2020.01.18"]
[EventType "tourn"]
[EventRounds "11"]
[EventCountry "TUN"]
[SourceTitle "EXT 2021"]
[Source "ChessBase"]
[SourceDate "2020.10.23"]
[SourceVersion "1"]
[SourceVersionDate "2020.10.23"]
[SourceQuality "1"]

1. e4 e5 2. f4 d5 3. exd5 e4 4. d3 Nf6 5. dxe4 Nxe4 6. Qh5 Nf6 7. Bb5+ c6 8. Qe5+ Be7 9. dxc6 bxc6 10. Bd3 0-0 11. Ne2 Bb4+ 12. Bd2 Re8 13. Qg5 Bxd2+ 14. Nxd2 Ba6 15. Nc4 Qd4 16. 0-0-0 Qd5 17. Qxd5 Nxd5 18. Rde1 Bxc4 19. Bxc4 Ne3 20. Nd4 Nd7 21. Bf1 c5 22. Nf3 Rab8 23. g3 f6 24. Bh3 Nb6 25. Nd2 c4 26. b3 c3 27. Nf3 Nbd5 28. Nd4 g6 29. Be6+ Kf8 30. Bxd5 Nxd5 31. f5 Rb4 32. Rxe8+ Kxe8 33. Re1+ Kf7 34. Nc6 Rb6 35. Nd8+ Kg7 36. Ne6+ Kh6 37. fxg6 hxg6 38. Nc5 Rc6 39. Nd3 a5 40. a4 Kg5 41. Re8 Nc7 42. Re4 f5 43. Re5 Ra6 44. Rc5 Ne6 45. Rxc3 Kg4 46. Nf2+ Kg5 47. Rc8 Nd4 48. Kb2 Re6 49. Rc4 Nf3 50. Nh3+ Kf6 51. Nf4 Rd6 52. Rc5 Nxh2 53. Rxa5 Nf1 54. Rd5 Rxd5 55. Nxd5+ Ke5 56. c4 Nxg3 57. a5 Kd6 58. a6 Kc6 59. b4 Ne4 60. b5+ Kc5 61. a7 1-0

[Event "TUN-ch Subsid"]
[Site "Hammamet"]
[Date "2019.11.01"]
[Round "9"]
[White "Jabloun, Bilel"]
[Black "Ben Brahem, Aymen"]
[Result "1/2-1/2"]
[WhiteElo "1986"]
[BlackElo "2044"]
[PlyCount "110"]
[EventDate "2019.10.27"]
[EventType "swiss"]
[EventRounds "9"]
[EventCountry "TUN"]
[SourceTitle "EXT 2021"]
[Source "ChessBase"]
[SourceDate "2020.10.23"]
[SourceVersion "1"]
[SourceVersionDate "2020.10.23"]
[SourceQuality "1"]

1. e4 c5 2. Nf3 d6 3. d4 cxd4 4. Nxd4 Nf6 5. Nc3 g6 6. Be3 Bg7 7. f3 0-0 8. Qd2 Nc6 9. 0-0-0 Nxd4 10. Bxd4 Be6 11. Kb1 Qc7 12. g4 Rfc8 13. h4 Qa5 14. a3 Rab8 15. h5 b5 16. hxg6 fxg6 17. Bxf6 Bxf6 18. Nd5 Qxd2 19. Nxf6+ exf6 20. Rxd2 Rd8 21. Be2 g5 22. Rhd1 Rb6 23. Rd4 Kf7 24. c4 bxc4 25. Bxc4 Bxc4 26. Rxc4 Rd7 27. Kc2 Ke6 28. Rd5 Rbb7 29. Rc6 Rb8 30. b4 h5 31. gxh5 Rh8 32. a4 Rxh5 33. b5 Rh3 34. Rc3 g4 35. fxg4 Rh4 36. Rg3 Rg7 37. a5 Rhxg4 38. Rxg4 Rxg4 39. Rd4 Rg5 40. Rb4 f5 41. b6 axb6 42. axb6 Rg8 43. b7 Rb8 44. exf5+ Kxf5 45. Kc3 Ke5 46. Rb5+ d5 47. Kb4 Ke4 48. Kc5 d4 49. Kc6 d3 50. Kc7 Rxb7+ 51. Kxb7 d2 52. Rb1 Kd3 53. Kc6 Kc2 54. Rh1 d1Q 55. Rxd1 Kxd1 1/2-1/2

[Event "TUN-ch"]
[Site "Sousse"]
[Date "2019.05.16"]
[Round "11"]
[White "Jabloun, Bilel"]
[Black "Amdouni, Zoubaier"]
[Result "1-0"]
[WhiteElo "1945"]
[BlackElo "2282"]
[PlyCount "103"]
[EventDate "2019.05.06"]
[EventType "tourn"]
[EventRounds "11"]
[EventCountry "TUN"]
[SourceTitle "CBM 190 Extra"]
[Source "ChessBase"]
[SourceDate "2019.07.15"]
[SourceVersion "1"]
[SourceVersionDate "2019.07.15"]
[SourceQuality "1"]

1. d4 Nf6 2. c4 e6 3. Nf3 d5 4. Bg5 h6 5. Bf4 Bb4+ 6. Nbd2 dxc4 7. Qa4+ Nc6 8. a3 Bxd2+ 9. Bxd2 Qd5 10. e3 b5 11. Qc2 Bb7 12. Be2 Ne4 13. 0-0 Nxd2 14. Qxd2 e5 15. a4 a6 16. axb5 axb5 17. Rxa8+ Bxa8 18. Ra1 0-0 19. Ne1 exd4 20. Bf3 Qd6 21. exd4 Re8 22. Nc2 Bb7 23. Qc3 Nd8 24. Bxb7 Nxb7 25. Ne3 Rd8 26. d5 Re8 27. g3 Qb6 28. Nf5 Qg6 29. Ra8 Qxf5 30. Rxe8+ Kh7 31. Qe5 Kg6 32. Qxf5+ Kxf5 33. Re7 Nd6 34. f4 g5 35. fxg5 hxg5 36. Kf2 Kf6 37. Rxc7 Ke5 38. h4 gxh4 39. gxh4 Kxd5 40. h5 Nf5 41. Rxf7 Nh6 42. Rg7 b4 43. Ke2 Nf5 44. Rg6 c3 45. bxc3 bxc3 46. h6 Nh4 47. Rg5+ Ke6 48. h7 c2 49. h8Q c1Q 50. Qe5+ Kd7 51. Rg7+ Kd8 52. Qe7+ 1-0

[Event "TUN-ch"]
[Site "Sousse"]
[Date "2019.05.12"]
[Round "7"]
[White "Jabloun, Bilel"]
[Black "Jmila, Omar"]
[Result "1-0"]
[WhiteElo "1945"]
[BlackElo "2100"]
[PlyCount "69"]
[EventDate "2019.05.06"]
[EventType "tourn"]
[EventRounds "11"]
[EventCountry "TUN"]
[SourceTitle "CBM 190 Extra"]
[Source "ChessBase"]
[SourceDate "2019.07.15"]
[SourceVersion "1"]
[SourceVersionDate "2019.07.15"]
[SourceQuality "1"]

1. e4 d6 2. d4 Nf6 3. Bd3 e5 4. Ne2 exd4 5. Nxd4 Nc6 6. Nxc6 bxc6 7. 0-0 Ng4 8. Nd2 Qf6 9. Qe2 a5 10. f4 Qd4+ 11. Kh1 Qe3 12. Qxe3 Nxe3 13. Rf3 Ng4 14. h3 Nf6 15. b3 a4 16. b4 Be7 17. a3 0-0 18. Bb2 Re8 19. Re1 Bd7 20. c4 g6 21. e5 Nh5 22. g4 Ng7 23. Ref1 d5 24. c5 Bc8 25. R3f2 Ba6 26. Bxa6 Rxa6 27. f5 Bh4 28. Rg2 Bg5 29. Nf3 Bf4 30. Re2 gxf5 31. Nh4 Bg5 32. Nxf5 f6 33. Nxg7 Kxg7 34. exf6+ Bxf6 35. Bxf6+ 1-0

[Event "Tunis Ramadan Cup"]
[Site "Tunis"]
[Date "2018.06.11"]
[Round "9"]
[White "Jabloun, Bilel"]
[Black "Amdouni, Zoubaier"]
[Result "0-1"]
[WhiteElo "1986"]
[BlackElo "2172"]
[PlyCount "78"]
[EventDate "2018.06.10"]
[EventType "swiss"]
[EventRounds "9"]
[EventCountry "TUN"]
[SourceTitle "CBM 185 Extra"]
[Source "ChessBase"]
[SourceDate "2018.07.29"]
[SourceVersion "1"]
[SourceVersionDate "2018.07.29"]
[SourceQuality "1"]

1. b4 Nf6 2. Bb2 d5 3. b5 Nbd7 4. e3 e5 5. c4 Bd6 6. cxd5 Nxd5 7. Nc3 Nxc3 8. Bxc3 0-0 9. Nf3 e4 10. Nd4 Ne5 11. Qc2 f5 12. Be2 Qh4 13. g3 Qh3 14. Bf1 Qh6 15. h4 Kh8 16. Be2 Bd7 17. a4 c5 18. bxc6 bxc6 19. Rb1 a6 20. a5 c5 21. Nb3 Bb5 22. Bxe5 Bxe2 23. Bxd6 Bd3 24. Qd1 Qxd6 25. Rc1 c4 26. Nd4 f4 27. gxf4 Rxf4 28. exf4 Qxd4 29. Qg4 Rf8 30. h5 Qb2 31. Qd1 Rxf4 32. h6 g6 33. Rc3 Qb4 34. Rg1 Qc5 35. Rg2 Qf8 36. Qa4 Qxh6 37. Rg1 Rf8 38. Qc6 Qh2 39. Rf1 Rf4 0-1

[Event "TUN-ch"]
[Site "Hammamet"]
[Date "2013.03.19"]
[Round "5"]
[White "Jabloun, Bilel"]
[Black "Bouaziz, Mehdi"]
[Result "0-1"]
[WhiteElo "1934"]
[BlackElo "2237"]
[PlyCount "84"]
[EventDate "2013.03.16"]
[EventType "swiss"]
[EventRounds "9"]
[EventCountry "TUN"]
[SourceTitle "CBM 153 Extra"]
[Source "ChessBase"]
[SourceDate "2013.04.22"]
[SourceVersion "1"]
[SourceVersionDate "2013.04.22"]
[SourceQuality "1"]

1. b4 Nf6 2. Bb2 g6 3. b5 Bg7 4. e3 0-0 5. Nf3 d6 6. Be2 e5 7. c4 Nbd7 8. d4 e4 9. Nfd2 Re8 10. Nc3 Nf8 11. d5 h5 12. Qc2 Qe7 13. h3 h4 14. a4 Bd7 15. Nb3 Qe5 16. Rg1 a6 17. bxa6 bxa6 18. Kf1 Qh2 19. c5 N8h7 20. c6 Bc8 21. Nd2 Ng5 22. Bg4 Nxg4 23. hxg4 Bxg4 24. Ncxe4 Nxe4 25. Bxg7 Nxd2+ 26. Qxd2 Kxg7 27. Qd4+ Qe5 28. Qxe5+ Rxe5 29. f3 Bf5 30. Kf2 Rae8 31. e4 Bxe4 32. fxe4 Rxe4 33. Rgb1 Re2+ 34. Kf1 Rd2 35. Rd1 Rxd1+ 36. Rxd1 Rb8 37. Rd4 g5 38. Ke2 f5 39. Kf3 Kf6 40. Ke3 Ke5 41. Rd2 Rb4 42. Kf2 Rxa4 0-1

[Event "TUN-ch"]
[Site "Hammamet"]
[Date "2013.03.17"]
[Round "2"]
[White "Taieb, Sahbi"]
[Black "Jabloun, Bilel"]
[Result "1-0"]
[WhiteElo "2147"]
[BlackElo "1934"]
[PlyCount "138"]
[EventDate "2013.03.16"]
[EventType "swiss"]
[EventRounds "9"]
[EventCountry "TUN"]
[SourceTitle "CBM 153 Extra"]
[Source "ChessBase"]
[SourceDate "2013.04.22"]
[SourceVersion "1"]
[SourceVersionDate "2013.04.22"]
[SourceQuality "1"]

1. e4 d5 2. exd5 Qxd5 3. Nc3 Qa5 4. Bc4 Nf6 5. d4 Bg4 6. f3 Bf5 7. Nge2 e6 8. Bd2 c6 9. Bb3 Qc7 10. Ng3 Bg6 11. Nge4 Nbd7 12. Qe2 Be7 13. 0-0 h5 14. a4 h4 15. Ng5 Bd6 16. f4 0-0-0 17. Nce4 Be7 18. a5 Bh5 19. Qe1 Nxe4 20. Nxe4 Nf6 21. Nxf6 gxf6 22. Be3 a6 23. c4 Bg4 24. d5 c5 25. Bd1 Rdg8 26. Bxg4 Rxg4 27. Rd1 Rhg8 28. Rf2 Bd6 29. Qd2 e5 30. fxe5 fxe5 31. b4 Rxc4 32. bxc5 Bxc5 33. d6 Qd7 34. Bxc5 Rxc5 35. Qe3 Qc6 36. d7+ Kd8 37. Qh3 Rd5 38. Qxh4+ Kxd7 39. Rxf7+ Kc8 40. Rdf1 Qc5+ 41. Kh1 Rd2 42. R7f2 Rxf2 43. Qxf2 Qxa5 44. Qf7 Rd8 45. Rb1 Qd5 46. Qf5+ Kb8 47. h3 Rg8 48. Qf2 e4 49. Re1 Qe5 50. Qe3 Re8 51. Re2 Qd5 52. Re1 Qc6 53. Re2 a5 54. Re1 a4 55. Rc1 Qd6 56. Ra1 Re7 57. Rf1 b5 58. Rb1 Qc6 59. Qd4 Kb7 60. Qxa4 e3 61. Rxb5+ Kc7 62. Qa7+ Kd6 63. Qd4+ Kc7 64. Rc5 e2 65. Rxc6+ Kxc6 66. Qc3+ Kd5 67. Qe1 Re4 68. Kg1 Kd4 69. Qb4+ Kd3 1-0